| 000 | 00491nam a2200133Ia 4500 | ||
|---|---|---|---|
| 008 | 231221s9999 xx 000 0 und d | ||
| 020 | _a978-1-4471-4878-4 | ||
| 041 | _aEnglish | ||
| 100 | _aIlaria Giannoccaro | ||
| 245 | 0 | _aBehavioral Issues in Operations Management | |
| 260 |
_c2013 _bSpringer London _aNew York |
||
| 650 | _aEngineering Economics, Organization, Logistics, Marketing; Industrial, Organisational and Economic Psychology; Operation Research/Decision Theory | ||
| 942 | _cEB | ||
| 999 |
_c226782 _d226782 |
||